000
00196 a2200097 4500
001
63446
082
_a
297.2 UMA
090
_c
37506
_d
37506
245
_a
Miqyasa Salaat (Urdu)
260
_a
Lahore
942
_a
NUST-CAE
_k
297.2 UMA
999
_c
298519
_d
298519